Score 0/20 Timer 03:00
0 Plays Today
% Correct
Kite
98.6%
Key
98.5%
Kangaroo
98%
Knife
97.7%
Ketchup
96.9%
Kneecap
96.8%
King
96.5%
Koala
96.3%
Kiwi
96.3%
Kettle
95.7%
% Correct
Knot
95.3%
Kitten
94.8%
Knight
93.7%
Kilt
93.3%
Kayak
89.7%
Kale
87.8%
Kimono
84%
Kazoo
77.3%
Kumquat
56%
Kimchi
42.1%

You're not logged in!

Compare scores with friends on all Sporcle quizzes.
OR
Log In

Sporcle TV

Today on Sporcle TV


Watch our educational content, quiz creation guides, and fun videos on Sporcle TV.

Show Comments

Extras

Top Quizzes Today


Score Distribution

Paid Content

Your Account Isn't Verified!

In order to create a playlist on Sporcle, you need to verify the email address you used during registration. Go to your Sporcle Settings to finish the process.

Report this User

Report this user for behavior that violates our Community Guidelines.

Details: